[Event "Schleswig Holstein-ch U16 Vormeister"]
[Site "Neumuenster"]
[Date "2011.05.01"]
[Round "9.13"]
[White "Laerum, Philipp"]
[Black "Wendt, Christian"]
[Result "1-0"]
[WhiteElo "1046"]
[BlackElo "1141"]
[PlyCount "95"]
[EventDate "2011.04.25"]
[EventType "swiss"]
[EventRounds "9"]
[EventCountry "GER"]
[SourceTitle "EXT 2022"]
[Source "ChessBase"]
[SourceDate "2021.10.06"]
[SourceVersion "1"]
[SourceVersionDate "2021.10.06"]
[SourceQuality "1"]

1. e4 e5 2. Nf3 Nc6 3. Bc4 Nf6 4. Nc3 Bc5 5. Nxe5 Nxe5 6. d4 Nxc4 7. dxc5 d6 8. b4 0-0 9. Qd4 Ne5 10. Bf4 Nc6 11. Qc4 Be6 12. Qb5 dxc5 13. bxc5 Qd4 14. Qd3 Rad8 15. Qxd4 Nxd4 16. 0-0 Nxc2 17. Rab1 c6 18. e5 Nd5 19. Ne2 b6 20. Rfc1 Na3 21. Rb2 bxc5 22. h3 c4 23. Bg5 f6 24. exf6 Nxf6 25. Nf4 Bd5 26. g4 a5 27. Rb7 a4 28. Nh5 Nxh5 29. Bxd8 Rxd8 30. gxh5 Rf8 31. Rb4 Rf3 32. Rf1 Nb5 33. Rxa4 Ra3 34. Rxa3 Nxa3 35. Rc1 c5 36. Kf1 Kf7 37. Rd1 Ke6 38. Ke2 c3 39. Rc1 c2 40. Kd2 Bxa2 41. Ra1 Nc4+ 42. Kxc2 Bb1+ 43. Kxb1 Nd2+ 44. Kc2 Ne4 45. Re1 Kd5 46. f3 Ng3 47. Rg1 Nxh5 48. Rg5+ 1-0

[Event "Schleswig Holstein-ch U14 VM"]
[Site "Neumuenster"]
[Date "2008.03.27"]
[Round "6"]
[White "Stehr, Jan"]
[Black "Laerum, Philipp"]
[Result "0-1"]
[WhiteElo "704"]
[BlackElo "803"]
[PlyCount "50"]
[EventDate "2008.03.24"]
[EventType "swiss"]
[EventRounds "9"]
[EventCountry "GER"]
[SourceTitle "EXT 2009"]
[Source "ChessBase"]
[SourceDate "2008.11.26"]
[SourceVersion "1"]
[SourceVersionDate "2008.11.26"]
[SourceQuality "1"]

1. e4 e5 2. Nf3 Nc6 3. d4 exd4 4. Nxd4 Bc5 5. Nxc6 bxc6 6. Bc4 Nf6 7. e5 Ne4 8. Qf3 d5 9. Bd3 Nxf2 10. Rf1 Nxd3+ 11. Kd1 Nxb2+ 12. Bxb2 0-0 13. Qg3 Be6 14. Rf5 Bxf5 15. e6 g6 16. Qc3 f6 17. Qxc5 Qd6 18. Qxd6 cxd6 19. e7 Rfe8 20. Bxf6 Kf7 21. Bh4 Rab8 22. Bg3 Kxe7 23. Bh4+ Kd7 24. Nc3 Rb2 25. Na4 Rxc2 0-1